000 01164aam a2200313 i 4500
999 _c46406
_d46406
001 768714001
003 CO-MdFUSB
005 20201104165646.0
007 ta
008 200521t1927 enka|||| |||| 00| 0 eng d
020 _a[No incluye ISBN]
040 _bspa.
_aCO-MdFUSB
_cCO-MdFUSB
_dCO-MdFUSBC
_erda
041 _aeng
082 _223
_a227.07
_bS425
100 1 _aScott, Charles A. Anderson
_eautor
245 1 0 _aChristianity according to St. Paul
_c/ Charles A. Anderson Scott
264 1 _aCambridge, Inglaterra :
_bUniversity Press of America,
_c[1927]
264 4 _c© 1927
300 _a283 páginas
_c; 23 cm
336 _atexto
_btxt
_2rdacontent
337 _2rdamedia
_asin mediación
_bn
338 _2rdacarrier
_avolumen
_bnc
505 _aEl cristianismo según San Pablo - La salvación como un hecho del pasado - La salvación: Su apropiación, la fe - La salvación: Como una experiencia progresiva - La salvación: Su consumación en el futuro - La salvación: Su autor y perfeccionador, Cristo
563 _aPasta dura
630 0 7 _aBiblia.
_pEpístolas Paulinas
942 _cBK
945 _aJTF-925